Snatak mahalar siksha manobigyan (Record no. 7418)

MARC details
000 -LEADER
fixed length control field 00622cam a2200241ua 4500
001 - CONTROL NUMBER
control field 8311
005 - DATE AND TIME OF LATEST TRANSACTION
control field 20260515114322.0
008 - FIXED-LENGTH DATA ELEMENTS--GENERAL INFORMATION
fixed length control field 150128n ii |||gr||||Z||||||asm
020 ## - INTERNATIONAL STANDARD BOOK NUMBER
International Standard Book Number 9789381784013
040 ## - CATALOGING SOURCE
Transcribing agency MAIN
041 ## - LANGUAGE CODE
Language code of text/sound track or separate title asm
082 ## - DEWEY DECIMAL CLASSIFICATION NUMBER
Classification number 370.15
100 1# - MAIN ENTRY--PERSONAL NAME
Personal name Chaliha, Beda Kr.,
Relator term Author.
245 12 - TITLE STATEMENT
Title Snatak mahalar siksha manobigyan
Statement of responsibility, etc. by Beda Kr. Chaliha
250 ## - EDITION STATEMENT
Edition statement 4th rev.
260 ## - PUBLICATION, DISTRIBUTION, ETC.
Place of publication, distribution, etc. Jorhat:
Name of publisher, distributor, etc. Bidy bhawan,
Date of publication, distribution, etc. 2012-13.
300 ## - PHYSICAL DESCRIPTION
Extent 523p.
653 ## - INDEX TERM--UNCONTROLLED
Uncontrolled term Education
653 ## - INDEX TERM--UNCONTROLLED
Uncontrolled term Educational psychology
700 ## - ADDED ENTRY--PERSONAL NAME
Personal name Saikia, Tarun,
Relator term Author.
700 ## - ADDED ENTRY--PERSONAL NAME
Personal name Saikia, Runu Borah,
Relator term Author.
942 ## - ADDED ENTRY ELEMENTS (KOHA)
Koha item type Books
Holdings
Withdrawn status Lost status Damaged status Not for loan Home library Current library Shelving location Date acquired Total checkouts Full call number Barcode Date last seen Date last checked out Copy number Price effective from Koha item type
        Naharkatiya College Library Naharkatiya College Library General stacks 09/19/2020 12 370.15 | CHA 21294 05/11/2023 04/10/2023 1 09/19/2020 Books